El Alcalde de Zalamea

में बचाया:
ग्रंथसूची विवरण
मुख्य लेखक: Calderón de la Barca, Pedro
स्वरूप: पुस्तक
भाषा:Undetermined
प्रकाशित: Madrid, España Castalia 1985
विषय:
टैग: टैग जोड़ें
कोई टैग नहीं, इस रिकॉर्ड को टैग करने वाले पहले व्यक्ति बनें!

MARC

LEADER 00000nam a2200000Ia 4500
008 170316s9999 xx 000 0 und d
040 |a cru BVZT 
090 |a 862 C-3al 
100 |a Calderón de la Barca, Pedro 
245 |a El Alcalde de Zalamea 
260 |a Madrid, España 
260 |b Castalia 
260 |c 1985 
300 |a 316 páginas 
650 |a LITERATURA ESPAÑOLA 
650 |a TEATRO 
942 |c 15 D 
999 |c 9730  |d 9730